Visualizzazione normale
Vista MARC
- Church and state
di Topical Term
Records bibliografici associati: 1
001 - CONTROL NUMBER
- control field: 35503
003 - CONTROL NUMBER IDENTIFIER
- control field: IT-RoPau
005 - DATE AND TIME OF LATEST TRANSACTION
- control field: 20150725110609.0
008 - FIXED-LENGTH DATA ELEMENTS
- fixed length control field: 150725|| aca||aabn | a|a d
040 ## - CATALOGING SOURCE
- Original cataloging agency: IT-RoPau
- Transcribing agency: IT-RoPau
150 ## - HEADING--TOPICAL TERM
- Topical term or geographic name entry element: Church and state
- General subdivision: History.
670 ## - SOURCE DATA FOUND
- Source citation: Work cat.: (IT-RoPau)0: Jemolo, Arturo Carlo, 1891-1981. 35502, Stato e Chiesa negli scrittori politici italiani del Seicento e del Settecento., 1972.